[Event "Interzonal-15"]
[Site "Manila"]
[Date "1990.??.??"]
[Round "12"]
[White "Yudasin, Leonid"]
[Black "Gelfand, Boris"]
[Result "1/2-1/2"]
[WhiteElo "2615"]
[BlackElo "2680"]
[Annotator "Boensch,U"]
[PlyCount "34"]
[EventDate "1990.06.29"]
[EventType "swiss"]
[EventRounds "13"]
[EventCountry "PHI"]
[SourceTitle "CBM 019"]
[Source "ChessBase"]
[SourceDate "1990.12.01"]
[SourceVersion "1"]
[SourceVersionDate "1990.12.01"]
[SourceQuality "1"]

1. e4 c5 2. Nf3 d6 3. d4 cxd4 4. Nxd4 Nf6 5. Nc3 a6 6. Bg5 e6 7. f4 Nbd7 8. Qe2
Qc7 9. O-O-O (9. g3 b5 10. Bg2 b4 11. e5 bxc3 12. Bxa8 cxb2 13. Rd1 $5 (13. Rb1
dxe5 14. fxe5 Nxe5 $44)) 9... b5 10. g3 $6 b4 11. Nd5 exd5 12. exd5+ Be7 13.
Nf5 (13. Nc6 Nb8 14. Bxf6 gxf6 $17 (14... Nxc6 15. Bxg7 Rg8 16. dxc6 Rxg7 $17))
13... Nc5 $1 {><e6} (13... Nb6 14. Nxg7+ Kd8 15. Re1 {/\ 16. Bf6 Bf6 17. Qe8
Re8 18. Re8 Kd7 19. Bh3#}) 14. Nxg7+ Kd8 (14... Kf8 $6 15. Nh5 $5 $40 (15. Bh6
Kg8 16. Nh5 $40)) 15. Re1 $2 (15. Bg2 Rg8 (15... Bg4 16. Bf3 Bxf3 17. Qxf3 $132
{><f5}) 16. Rde1 $1 {- 15. Re1 Yudasin,L}) 15... Rg8 $2 (15... Nfe4 $142 $1 16.
Bg2 f5 $1 (16... Nxg5 17. fxg5 Bxg5+ 18. Kb1 {/\ Rhf1|^}) 17. Nh5 Bxg5 18. fxg5
b3 $1 19. axb3 Nxb3+ 20. Kd1 (20. Kb1 Ned2+ $19) 20... Nd4 $1 $19) 16. Bg2 Nfe4
(16... Rxg7 $2 17. Bxf6 $18) 17. Bxe4 (17. Bxe7+ Qxe7 18. Qc4 Rxg7 (18... f5
19. Ne6+ {/\ Qb4~/=}) 19. Bxe4 Rb8 20. Qd4 (20. Bxh7 Qf6 21. Be4 a5) 20... Qf8
21. Qf6+ Kc7 22. Re3 $44 (22. Bf5)) 17... Rxg7 1/2-1/2

[Event "GER CupT"]
[Site "Germany"]
[Date "1991.??.??"]
[Round "?"]
[White "Mueller, Matthias"]
[Black "Brunner, Lucas"]
[Result "0-1"]
[WhiteElo "2360"]
[BlackElo "2460"]
[Annotator "Boensch,U"]
[PlyCount "46"]
[EventDate "1991.??.??"]
[EventType "team"]
[EventRounds "9"]
[EventCountry "GER"]
[SourceTitle "CBM 024"]
[Source "ChessBase"]
[SourceDate "1991.10.01"]
[SourceVersion "1"]
[SourceVersionDate "1991.10.01"]
[SourceQuality "1"]

1. e4 {Boensch} c5 2. Nf3 d6 3. d4 cxd4 4. Nxd4 Nf6 5. Nc3 a6 6. Bg5 e6 7. f4
Qc7 8. Qf3 b5 9. O-O-O b4 10. e5 Bb7 11. Qh3 (11. Ncb5 axb5 12. Bxb5+ Nbd7 (
12... Nfd7 13. Nxe6 fxe6 14. Qh3 Kf7 15. f5 Be4 16. fxe6+ Kg8 17. Qb3 Bxc2 18.
Qxc2 Qxc2+ 19. Kxc2 Nxe5 20. e7 $18 {Georgiev,Kr.-Kasparov, Malta(ol) 1980
-Inf.30/485}) 13. Qh3 b3 14. exf6 bxa2 15. Nxe6 (15. Kd2 Bd5 $8 16. Rhe1 g6 $1
17. c3 Kd8 $13 {Oll -Inf.50/286}) 15... a1=Q+ 16. Kd2 Qaa5+ 17. c3 Qcxc3+ 18.
bxc3 Qa2+ 19. Kc1 fxe6 {Oll -Inf.50/286}) 11... dxe5 12. fxe5 Qxe5 13. Bxf6
gxf6 (13... Qxf6 $2 14. Ncb5 Bc5 15. Nxe6 axb5 16. Bxb5+ Nc6 17. Bxc6+ Bxc6 18.
Nc7+ Kf8 19. Nxa8 Qf4+ 20. Kb1 Qb8 21. Rhf1 Be7 22. Qe6 {1:0
Chiburdanidze-Tukmakov, URS 1980}) 14. Bb5+ axb5 15. Rhe1 Bxg2 {N} (15... Qf4+
16. Kb1 Ra6 17. Qh5 bxc3 18. Nxe6 Rxe6 19. Rxe6+ Be7 20. Qxb5+ Bc6 $17 {
Yudasin-Tukmakov, URS 1981}) 16. Qd3 $6 (16. Qxg2 Qg5+ 17. Qxg5 fxg5 18. Ncxb5
$13) 16... Qc5 17. Rxe6+ $6 (17. Ncxb5 Bd5 $17) 17... fxe6 18. Nxe6 Qe5 19.
Nxb5 Bh6+ 20. Kb1 Kf7 $1 $19 21. Nec7 Kg7 22. Qc4 Rg8 23. Nd6 Bd5 0-1

[Event "Belgrade Investbank"]
[Site "Belgrade"]
[Date "1989.11.??"]
[Round "5"]
[White "Ljubojevic, Ljubomir"]
[Black "Kasparov, Garry"]
[Result "0-1"]
[WhiteElo "2635"]
[BlackElo "2775"]
[Annotator "Boensch,U"]
[PlyCount "74"]
[EventDate "1989.11.??"]
[EventType "tourn"]
[EventRounds "11"]
[EventCountry "YUG"]
[EventCategory "15"]
[SourceTitle "CBM 016"]
[Source "ChessBase"]
[SourceDate "1990.06.01"]
[SourceVersion "1"]
[SourceVersionDate "1990.06.01"]
[SourceQuality "1"]

1. e4 {Bönsch} c5 2. Nf3 d6 3. d4 cxd4 4. Nxd4 Nf6 5. Nc3 a6 6. Bg5 e6 7. f4
Qc7 8. Qe2 Nc6 9. O-O-O Nxd4 10. Rxd4 Be7 11. g3 (11. e5 dxe5 12. fxe5 Nd5 13.
Bxe7 {>= 13.Ld2} Nxe7 14. Ne4 O-O 15. Qh5 Ng6 $15 {Ivanchuk-Kasparov Tilburg
1989}) 11... Bd7 12. Bg2 h6 {12...Lc6 >= ...0-0-0} 13. Bh4 Bc6 14. f5 O-O (
14... e5 15. Rd3 $14) 15. Rhd1 (15. fxe6 g5 $13 (15... fxe6 16. Rc4 g5 $13))
15... b5 16. g4 $6 (16. fxe6 g5 (16... fxe6 17. Bxf6 Rxf6 18. e5 $14 {x e4})
17. Nd5 Bxd5 18. exd5 gxh4 19. Rxh4 Nh7 20. Qg4+ $2 (20. Rh5 $13) 20... Bg5+
21. Kb1 f5 $19) 16... e5 17. R4d3 b4 18. Bxf6 (18. Nd5 $2 Nxd5 19. exd5 Bb5 $19
) 18... bxc3 $17 (18... Bxf6 $2 19. Nd5 $14) 19. Bxe7 cxb2+ 20. Kb1 Qxe7 21.
Rxd6 Rfc8 22. R1d2 (22. Qd2 $2 Ba4 $19) 22... Bb5 23. Qe3 (23. Qd1 $5) 23...
Rab8 24. Rb6 Bc4 25. Rd1 (25. Rdd6 Qxd6 $1 26. Rxd6 Bxa2+ 27. Kxa2 b1=Q+ 28.
Ka3 Qb2+ 29. Ka4 Qb4#) (25. Kxb2 Qg5 $19) (25. Rxb2 Rxb2+ 26. Kxb2 Qb4+ 27. Kc1
(27. Ka1 Rb8 $19) 27... Bxa2 $19) 25... Rxb6 26. Qxb6 Qa3 27. Qxb2 Bxa2+ 28.
Ka1 (28. Qxa2 Rb8+ 29. Ka1 Qc3+ $19) (28. Kc1 Qe3+ 29. Rd2 Rd8 30. Qb4 (30. c3
Qe1+ $19) 30... Qe1+ $19) 28... Qa4 29. Qxa2 (29. Rd2 Qa5 $19) 29... Qxa2+ 30.
Kxa2 Rxc2+ 31. Kb3 Rxg2 32. Kc4 Rxh2 33. Kd5 f6 34. g5 hxg5 35. Ke6 g4 36. Rd8+
Kh7 37. Kf7 Rh5 {38.Tg8 Tg5 -+} 0-1

[Event "URS-ch58"]
[Site "Moscow"]
[Date "1991.??.??"]
[Round "2"]
[White "Brodsky, Michail"]
[Black "Shabalov, Alexander"]
[Result "0-1"]
[WhiteElo "2415"]
[BlackElo "2535"]
[Annotator "Boensch,U"]
[PlyCount "52"]
[EventDate "1991.11.??"]
[EventType "swiss"]
[EventRounds "11"]
[EventCountry "URS"]
[SourceTitle "URS-ch"]
[Source "ChessBase"]
[SourceDate "1999.07.01"]
[SourceVersion "1"]
[SourceVersionDate "1999.07.01"]
[SourceQuality "1"]

1. e4 {Ernst} c5 2. Nf3 d6 3. d4 cxd4 4. Nxd4 Nf6 5. Nc3 a6 6. Bg5 e6 7. f4 Nc6
$5 8. e5 h6 9. Bh4 g5 {N} (9... dxe5 $6 10. Nxc6 Qxd1+ 11. Rxd1 bxc6 12. fxe5
Nd5 13. Ne4 Rb8 14. b3 Be7 15. Nd6+ Bxd6 16. exd6 $16 {Luther,T-Bykhovsky,Av
Sochi 1990}) 10. fxg5 Nd5 (10... hxg5 $2 11. Nxc6 bxc6 12. Bxg5 $18) 11. Nxd5
exd5 12. exd6 Qxd6 13. Qe2+ Be7 14. Nxc6 bxc6 15. Bg3 (15. gxh6 $2 Qb4+ $19)
15... Qg6 16. gxh6 (16. Qe5 {Ernst} Rg8 17. gxh6 Qxc2 18. Be2 Rg5 $1 19. Qh8+
Kd7 20. h7 Bb4+ 21. Kf1 Rf5+ 22. Bf3 Qd3+ $40) 16... Bg4 17. Qe5 Qxc2 $3 18.
Bh4 (18. Qxh8+ $2 Kd7 19. Qc3 Bb4 20. Qxb4 Re8+ $19) 18... f6 19. Bxf6 Rh7 20.
Qe3 (20. Qc3 Qe4+ 21. Kf2 (21. Kd2 Bb4) 21... Qf4+ $19) 20... Kd7 21. Bd3 Qxg2
22. Rg1 (22. Bxh7 Bb4+ 23. Bc3 Re8 $19) 22... Bb4+ 23. Bc3 Qxb2 24. Bxb4 Qxb4+
25. Kf2 Rf7+ 26. Kg2 Qb2+ {Boensch} (26... Qb2+ 27. Kg3 (27. Kh1 Bf3+ $19)
27... Rf3+ $19 (27... Rg8 $2 28. Qa7+)) 0-1

[Event "Pamplona 9192 2nd"]
[Site "Pamplona"]
[Date "1991.??.??"]
[Round "1"]
[White "Yudasin, Leonid"]
[Black "Ehlvest, Jaan"]
[Result "1-0"]
[WhiteElo "2595"]
[BlackElo "2605"]
[Annotator "Boensch,U"]
[PlyCount "67"]
[EventDate "1991.12.??"]
[EventType "tourn"]
[EventRounds "9"]
[EventCountry "ESP"]
[EventCategory "13"]
[SourceTitle "CBM 028"]
[Source "ChessBase"]
[SourceDate "1992.06.01"]
[SourceVersion "1"]
[SourceVersionDate "1992.06.01"]
[SourceQuality "1"]

1. e4 c5 2. Nf3 d6 3. d4 cxd4 4. Nxd4 Nf6 5. Nc3 a6 6. Bg5 e6 7. f4 Qc7 8. Qf3
b5 9. f5 Nc6 (9... b4 10. Ncb5 axb5 11. fxe6 Be7 12. e5 dxe5 13. Bxf6 gxf6 14.
Bxb5+ Kf8 15. Nf5 fxe6 (15... Bxe6 16. Nxe7 Ra5 17. Qxf6 Rxb5 18. Rf1 Qxc2 19.
Qxe6 Qe4+ 20. Kd2 Qd4+ $10 {Murey,Y-Yudasin,L Podolsk 1991}) 16. Nxe7 Kxe7 17.
Qxa8 Qb6 18. Qa4 Qd4 19. a3 Bd7 20. Qxb4+ Qxb4+ 21. axb4 Bxb5 $17 {Murey,
Y-Spraggett,K Paris-ch 1991}) 10. Nxc6 (10. O-O-O) 10... Qxc6 11. fxe6 {N} (11.
Bxf6 gxf6 12. Bd3) 11... fxe6 (11... Bxe6 12. Bxf6 gxf6 13. Bd3 $16 (13. Qxf6
Rg8 $13)) 12. Bxf6 gxf6 13. Qxf6 Rg8 14. Be2 Be7 15. Qd4 Rb8 $2 (15... Rxg2 16.
O-O-O $5 (16. Qh8+ Kd7 17. Qxh7 b4 $132 18. Qh3 bxc3) 16... Qc5 17. Qxc5 (17.
Qh8+ Kd7 18. Qxh7) 17... dxc5 18. Bh5+ Kf8 19. Rdf1+ Kg8) 16. Bh5+ $6 (16. O-O
Qb6 $1 (16... Qc5 $2 17. Qxc5 dxc5 18. Bh5+ Kd8 19. Rad1+ Kc7 (19... Bd7) 20.
Rf7) 17. Bh5+ Kd8 18. Qxb6+ Rxb6 19. Rf7 $14) 16... Kd7 17. Bf3 Qb6 $6 (17...
b4 $2 18. e5 d5 19. Nxd5 $18) (17... Qc4 $14 18. Qd3 $1) 18. Qd3 $1 Qc5 19.
O-O-O Qe5 20. Ne2 $1 Bb7 (20... Bf6 21. Qb3 a5 22. Kb1 a4 23. Qb4 {/\
Ne2-c1-d3, Rd1-d2 + Rh1-d1}) 21. Kb1 $1 a5 (21... Bf6 22. Qb3 a5 23. Nc1 $16)
22. Nc1 $1 b4 23. Qe3 Bg5 24. Qa7 Rgc8 $6 (24... Bxc1 25. Rxc1 Qc5 26. Qxc5
dxc5 $16) 25. Nd3 Qb5 26. Qd4 $16 Be7 27. Bg4 Qg5 28. h4 Qg8 (28... Qxg4 29.
Ne5+ $18) 29. Bh3 Ke8 30. e5 d5 31. Nf4 $18 Qg3 32. Nxe6 Rc4 33. Qd2 Rbc8 34.
Nd4 {Boensch} 1-0

[Event "POL-ch 52nd"]
[Site "Warsaw"]
[Date "1995.??.??"]
[Round "1"]
[White "Grabarczyk, Bogdan"]
[Black "Wojtkiewicz, Aleksander"]
[Result "0-1"]
[WhiteElo "2375"]
[BlackElo "2530"]
[Annotator "Bulletin"]
[PlyCount "64"]
[EventDate "1995.02.11"]
[EventType "tourn"]
[EventRounds "17"]
[EventCountry "POL"]
[EventCategory "8"]
[SourceTitle "EXT 1999"]
[Source "ChessBase"]
[SourceDate "1998.11.16"]
[SourceVersion "1"]
[SourceVersionDate "1998.11.16"]
[SourceQuality "1"]

1. e4 c5 2. Nf3 d6 3. d4 cxd4 4. Nxd4 Nf6 5. Nc3 a6 6. Bg5 e6 7. f4 Qc7 8. Qe2
Nc6 9. O-O-O Nxd4 10. Rxd4 Be7 11. Qd3 $6 b5 (11... h6 12. Bh4 g5 $5 {
Wojtkiewicz,}) 12. Be2 Bb7 13. Rd1 Rc8 14. Bxf6 Bxf6 15. Rxd6 Be7 16. e5 (16.
Rd7 Qxf4+ $17) 16... Bxd6 17. exd6 Qd7 18. f5 exf5 $1 (18... O-O $2 19. f6 $1)
19. Qe3+ Kf8 20. g4 $2 {20.Bd3} h5 $1 21. Bd3 (21. gxh5 Rh6) 21... hxg4 22.
Bxf5 Qxf5 23. Qe7+ Kg8 24. d7 Rxh2 $1 25. dxc8=Q+ Bxc8 26. Ne4 Be6 27. Qc7 Rh5
28. Ng3 Qg5+ 29. Kb1 Rh3 30. Ne4 Qd5 $1 31. Nf2 (31. Qd8+ Qxd8 32. Rxd8+ Kh7
33. Ng5+ Kg6 34. Nxh3 gxh3) 31... Qxa2+ 32. Kc1 Rh5 0-1

[Event "Hoogovens"]
[Site "Wijk aan Zee"]
[Date "1984.01.22"]
[Round "8"]
[White "Van der Wiel, John"]
[Black "Tukmakov, Vladimir B"]
[Result "1/2-1/2"]
[WhiteElo "2515"]
[BlackElo "2550"]
[Annotator "Bulletin"]
[PlyCount "51"]
[EventDate "1984.01.13"]
[EventType "tourn"]
[EventRounds "13"]
[EventCountry "NED"]
[EventCategory "13"]
[SourceTitle "MCL"]
[Source "ChessBase"]
[SourceDate "1999.07.01"]
[SourceVersion "1"]
[SourceVersionDate "1999.07.01"]
[SourceQuality "1"]

1. e4 c5 2. Nf3 d6 3. d4 cxd4 4. Nxd4 Nf6 5. Nc3 a6 6. Bg5 e6 7. f4 Qc7 8. Qf3
b5 9. Bxf6 gxf6 10. a3 $5 Nc6 $5 11. Nxc6 Qxc6 12. f5 Ra7 $5 13. Be2 {P 14.
fxe6 fxe6 15. xf6} (13. fxe6 fxe6 14. Qxf6 Bg7 $44) 13... Qc5 14. O-O-O Rc7 15.
Rhf1 Rg8 16. fxe6 (16. g3 $5) 16... fxe6 (16... Qg5+ $5) 17. Qxf6 Qg5+ (17...
Bg7 $5 18. Qh4 (18. Qf4 $5 Be5 (18... Bxc3 $2 19. bxc3 Qxa3+ 20. Kb1 $16) 19.
Bh5+ Kd8 20. Qh4+ Kd7 $13) 18... Bxc3 19. Bh5+ Kd7 20. Rf7+ Kc6 21. Rxc7+ Kxc7
22. bxc3 Qxa3+ 23. Kb1 Bd7 $15) 18. Kb1 (18. Qxg5 Rxg5 $44) 18... Qxf6 19. Rxf6
Bg7 (19... Rxg2 $4 20. Bh5+ $18) 20. Bh5+ Kd8 (20... Ke7 21. Rf7+ $18) 21. Rf7
Be5 (21... Rxf7 22. Bxf7 Rf8 23. Bh5 Rf2 24. Bf3 $1 Ke7 25. Na2 $1 {P b4-d3})
22. Rxc7 Kxc7 23. Bf3 Bxc3 $1 24. bxc3 e5 25. Rd3 Kc6 (25... Bg4 $5 26. g3 (26.
Bxg4 $6 Rxg4 27. Rg3 $2 Rxg3 28. hxg3 Kc6 $19) 26... h5 $10) 26. h3 1/2-1/2

[Event "Olympiad Women-39"]
[Site "Khanty-Mansiysk"]
[Date "2010.09.25"]
[Round "5.2"]
[White "Kosintseva, Nadezhda"]
[Black "Ju, Wenjun"]
[Result "1-0"]
[WhiteElo "2565"]
[BlackElo "2516"]
[Annotator "CB"]
[PlyCount "119"]
[EventDate "2010.09.21"]
[EventType "team-swiss"]
[EventRounds "11"]
[EventCountry "RUS"]
[SourceTitle "CBM 139"]
[Source "ChessBase"]
[SourceDate "2010.11.18"]
[SourceVersion "1"]
[SourceVersionDate "2010.11.18"]
[SourceQuality "1"]
[WhiteTeam "Russia (W)"]
[BlackTeam "China (W)"]
[WhiteTeamCountry "RUS"]
[BlackTeamCountry "CHN"]
[TimeControl "40/5400+30:1800+30"]

1. e4 c5 2. Nf3 d6 3. d4 cxd4 4. Nxd4 Nf6 5. Nc3 a6 6. Bg5 Nbd7 7. Qe2 e6 8. f4
Qc7 9. O-O-O Be7 10. g4 b5 11. a3 Bb7 12. Bh4 h6 13. Bg2 Qc4 14. Qxc4 bxc4 15.
h3 Rc8 16. Rhe1 Nc5 17. Re2 Rg8 18. f5 Nfd7 19. Bg3 Ne5 20. Nf3 Ncd7 21. Nd4
Nc5 22. Kb1 g6 23. Rf2 gxf5 24. exf5 Bxg2 25. Rxg2 Bf6 26. Bf4 Rh8 27. Re2 Ke7
28. fxe6 fxe6 {#} 29. Nf5+ $1 exf5 30. Nd5+ Ke6 31. Nxf6 Rcd8 32. gxf5+ $6 (32.
Nd5 $1 fxg4 33. hxg4 Nb7 34. Nc7+ Kf7 35. Rf1 Ke7 36. Nd5+ Ke6 37. Nb6 Rhe8 38.
Nxc4 {etc.}) 32... Kxf5 33. Rf1 Ke6 34. Ng4 Ncd7 35. Rfe1 Kd5 36. Bxe5 dxe5 37.
Nxe5 Nxe5 38. Rxe5+ Kc6 39. R1e4 c3 40. b4 Rd1+ 41. Ka2 Rhd8 42. Rc5+ Kb6 43.
Re6+ R8d6 44. Rxd6+ Rxd6 45. Rxc3 a5 46. Kb3 Rg6 47. Re3 axb4 48. axb4 h5 49.
c3 Rg5 50. Re6+ Kc7 51. Rh6 Rf5 52. h4 Re5 53. c4 Rf5 54. b5 Kb7 55. Kb4 Re5
56. Rh7+ Kc8 57. b6 Rf5 58. c5 Rf4+ 59. Kb5 Rxh4 60. Kc6 1-0

[Event "Montreal International"]
[Site "Montreal"]
[Date "1979.05.01"]
[Round "15"]
[White "Spassky, Boris Vasilievich"]
[Black "Ljubojevic, Ljubomir"]
[Result "1-0"]
[WhiteElo "2640"]
[BlackElo "2590"]
[Annotator "ChessBase"]
[PlyCount "89"]
[EventDate "1979.04.11"]
[EventType "tourn"]
[EventRounds "18"]
[EventCountry "CAN"]
[EventCategory "15"]
[SourceTitle "MCL"]
[Source "ChessBase"]
[SourceDate "1999.07.01"]
[SourceVersion "1"]
[SourceVersionDate "1999.07.01"]
[SourceQuality "1"]

1. e4 c5 2. Nf3 d6 3. d4 Nf6 4. Nc3 (4. dxc5 Nxe4 $1) 4... cxd4 5. Nxd4 a6 6.
Bg5 e6 7. f4 b5 8. Bd3 (8. e5 {Main line.}) 8... Qb6 $5 (8... Nbd7 9. f5 (9.
Qe2 Qb6 10. Nf3 Bb7 11. f5 e5 $13 {Markov-Day/CAN/1972/}) 9... e5 10. Nc6 Qb6
11. Nb4 Bb7 12. Qe2 Be7 13. O-O-O Rc8 14. Bxf6 Nxf6 15. g4 Qa5 16. a3 Rxc3 $44
{Spassky,B-Polugaevsky,L/URS/1960/} 17. bxc3 d5 {-/+ Polugaevsky}) (8... Bb7 $1
) 9. e5 dxe5 10. fxe5 Nfd7 (10... Qxd4 $2 11. Bxb5+ $18) 11. Nf3 Bb7 12. Qe2
Bb4 (12... Nc5 $5) 13. Bd2 Nc5 14. Be3 $1 Nxd3+ 15. cxd3 Bxf3 $1 (15... Qc7 16.
O-O O-O 17. Rac1 $16) 16. Qxf3 Qc6 17. Ke2 $1 $16 Qxf3+ (17... Bxc3 $5 18. bxc3
O-O {Gligoric}) 18. gxf3 Bxc3 (18... Nc6 19. f4 Ne7) 19. bxc3 Nc6 20. f4 Kd7 $2
(20... Ne7 $142) 21. Rhb1 $1 Rab8 (21... f6) (21... Rhc8 22. a4 Ne7 23. Bd2 Nd5
24. Rb3 f6 25. Rg1 $14) 22. Bc5 Rhc8 23. Bd6 Rb7 24. a4 Nd8 25. axb5 axb5 26.
Kd2 f6 27. d4 Nf7 28. Bb4 fxe5 (28... Nh6 $142 {Gligoric}) 29. fxe5 Nh6 30. Ra5
Nf5 31. Kd3 g6 32. Bc5 Rcb8 33. Ra6 Rc8 34. Ke4 Rcc7 35. Kf4 h6 36. Ke4 g5 (
36... Rc8 37. d5 exd5+ 38. Kxd5 Ne7+ 39. Bxe7 Kxe7 40. Re6+ Kf7 41. Rf1+ Kg7
42. Rff6 $18) 37. Rba1 Rc8 38. Rxe6 $1 $18 Rxc5 (38... Kxe6 39. Ra6+ Kd7 40.
Kxf5 $18) 39. Kxf5 Rxc3 40. Rxh6 Kc7 41. Rh7+ Kb6 42. Rxb7+ Kxb7 43. e6 Kc7 44.
Ra7+ Kb6 45. Ra8 1-0